LIBRARY & INFORMATION CENTRE, KCAET, TAVANUR

ONLINE PUBLIC ACCESS CATALOGUE (OPAC)

Basic Food Microbiology (Record no. 14372)

MARC details
000 -LEADER
fixed length control field 00297nam a22001217a 4500
082 ## - DEWEY DECIMAL CLASSIFICATION NUMBER
Classification number 664.001
Item number BAN/BA
100 ## - MAIN ENTRY--AUTHOR NAME
Personal name Banwart,George J.
245 ## - TITLE STATEMENT
Title Basic Food Microbiology
250 ## - EDITION STATEMENT
Edition statement 2 nd
260 ## - PUBLICATION, DISTRIBUTION, ETC. (IMPRINT)
Place of publication New Delhi
Name of publisher CBS Publishers & Distributors Pvt.Ltd
Year of publication 2004
300 ## - PHYSICAL DESCRIPTION
Number of Pages 773
942 ## - ADDED ENTRY ELEMENTS (KOHA)
Koha item type Books
Holdings
Withdrawn status Lost status Damaged status Collection code Home library Current library Shelving location Date acquired Source of acquisition Cost, normal purchase price Full call number Accession Number Koha item type
        KAUAET KAUAET General Stacks 25/06/2016 Current Books (India) Pvt. Ltd,Kottayam 425.00 664.001 BAN/BA 23922 Books
free website counter